Beyond the curse policies to harness the power of natural resources

Salvato in:
Dettagli Bibliografici
Altri autori: Arezki, Rabah, Gylfason, Thorvaldur, Sy, Amadou N.R
Natura: Libro
Lingua:inglese
Pubblicazione: Washington, D.C. International Monetary Fund 2011
Soggetti:
Tags: Aggiungi Tag
Nessun Tag, puoi essere il primo ad aggiungerne!!

MARC

LEADER 00000nam a2200000 4500
001 0147053
005 20240109073502.0
020 |a 978-1-61635-145-8 
041 0 |a eng 
044 |a US 
245 1 0 |a Beyond the curse  |b policies to harness the power of natural resources  |c editors Rabah Arezki, Thorvaldur Gylfason and Amadou Sy 
264 1 |a Washington, D.C.  |b International Monetary Fund  |c 2011 
300 |a xi, 275 s. 
610 2 0 |a zdroje prírodné 
610 2 0 |a politika fiškálna 
610 2 0 |a politika menová 
610 2 0 |a kurz výmenný 
610 2 0 |a rozvoj hospodársky 
610 2 0 |a komodity 
610 2 0 |a ceny 
610 2 0 |a vývoz 
610 2 0 |a financie 
610 2 0 |a inštitúcie finančné 
610 2 0 |a stabilita finančná 
610 2 0 |a Nórsko 
610 2 0 |a Čile 
610 2 0 |a Afrika 
700 1 |a Arezki, Rabah 
700 1 |a Gylfason, Thorvaldur 
700 1 |a Sy, Amadou N.R.